| Tag |
First Indicator |
Second Indicator |
Subfields |
| LEADER |
00000cam a22000008a 4500 |
| 001 |
in00000018958 |
| 005 |
20151007054121.0 |
| 008 |
870626s1988 nyu j 00011 eng |
| 010 |
|
|
|a 87045295
|
| 020 |
|
|
|a 006024366X :
|c $11.95
|
| 020 |
|
|
|a 0060243678 (lib. bdg.) :
|c $11.89
|
| 035 |
|
|
|a (OCoLC)16223993
|
| 035 |
|
|
|9 AAB4039AM
|
| 040 |
|
|
|a DLC
|c DLC
|d OCL
|d TXA
|d UtOrBLW
|
| 049 |
|
|
|a [Curr Col] TXAM
|c [A11114330]
|
| 050 |
0 |
0 |
|a PZ7.M956
|b Dr 1988
|
| 082 |
0 |
|
|a [Fic]
|2 19
|
| 100 |
1 |
|
|a Murphy, Shirley Rousseau.
|
| 245 |
1 |
4 |
|a The dragonbards /
|c by Shirley Rousseau Murphy.
|
| 250 |
|
|
|a 1st ed.
|
| 263 |
|
|
|a 8803
|
| 264 |
|
1 |
|a New York :
|b Harper & Row,
|c [1988]
|
| 264 |
|
4 |
|c ©1988
|
| 300 |
|
|
|a 249 pages
|
| 336 |
|
|
|a text
|b txt
|2 rdacontent
|
| 337 |
|
|
|a unmediated
|b n
|2 rdamedia
|
| 338 |
|
|
|a volume
|b nc
|2 rdacarrier
|
| 520 |
|
|
|a Prince Tebriel and his dragonbard companions prepare to fight a fierce battle against the dark forces that threaten their world.
|
| 650 |
|
1 |
|a Fantasy.
|
| 999 |
|
|
|a MARS
|
| 999 |
f |
f |
|s d26102b8-f23a-3780-943f-b8a212101c22
|i ff55575e-0404-335c-ae74-fe4224fc0ccb
|t 0
|
| 952 |
f |
f |
|p ric
|a Texas A&M University
|b Rellis Campus
|c Joint Library Facility
|d Remote Storage
|t 0
|e PZ7.M956 Dr 1988
|h Library of Congress classification
|i unmediated -- volume
|m A14811114330
|
| 998 |
f |
f |
|a PZ7.M956 Dr 1988
|t 0
|l Remote Storage
|